| 000 | 00731nam a2200193 a 4500 | ||
|---|---|---|---|
| 005 | 20140412111307.0 | ||
| 008 | 010425s19uu xx 00 eng d | ||
| 020 | _a0-394-88320-9 | ||
| 050 |
_aTR(PS E _bTe22 1986 |
||
| 100 | _aO'Connor, Jane | ||
| 245 |
_aTeeny tiny woman (The) / _cretold by Jane O'Connor ; illustrated by R. W. Alley. |
||
| 260 |
_aNew York : _bRandom House, _c1986. |
||
| 300 | _a32p. ; ill. | ||
| 440 | _aStep into reading, A step 1 book | ||
| 520 | _aA teeny tiny woman who puts a teeny tiny bone she finds in a churchyard away in a cupboard before she goes to sleep is awakened by voice demanding the return of the bone. | ||
| 650 | _aGhosts-Folklore | ||
| 650 | _aFolklore-England | ||
| 999 |
_c103740 _d103740 |
||